000 00747nam a22002657a 4500
001 BR0200976
003 BR-BrBNA
005 20230928101013.0
007 ta
008 230509b bl.||||| |||| 00| 0 por d
040 _aBR-BrBNA
_bpor
_cBiblioteca Nacional de Agricultura
041 _a(Eng, Por)
072 _aE14; E40
090 _ E14 BR0200976
110 1 _aProjeto Novas Fronteiras do Cooperativismo, Brasilia, DF (Brasil)
_98084
245 1 _aDocumento do projeto
260 3 _aBrasilia, DF (Brasil):
_c1996.
300 _a40 p.
500 _a33 tables
650 _aProjeto de Desenvolvimento
650 _aProjeto Agricola
650 _aDesenvolvimento Cooperativista
909 _a202309
_bLucia
_c55
_dLucia Elande
942 _cBK
999 _c63826
_d63826